00393pam a2200145a 44500008004100000020000900041041000900050082002400059100002800083245008500111250000900196260002200205300001100227650000900238230515b2002 xxu||||| |||| 00| 0 eng d aNULL aENGL a620.001515353/ DES. aABEL J.F. & DESAI C. S. aINTRODUCTION TO THE FINITE ELEMENT METHOD: A NUMERICAL METHOD FOR ENGI. ANALYSIS aN.D. aNULLbC.B.Sc2002 a477 PB aNULL